000
00293nam a22001337a 4500
008
170630b xxu||||| |||| 00| 0 eng d
020
_a
9780757508479
041
_a
eng
080
_a
82
100
_a
22
101
_a
GJL
245
_a
COMMUNICATING LITERATURE
_c
LEWIS, T.V
942
_2
udc
_c
BK
999
_c
19687
_d
19687